Nepodceňujte rizika interních faktorů

Turbulentné prostredie a zánik mnohých podnikov vplyvom konkurencie alebo z titulu fúzie či akvizície. Podniková kríza. Riadenie rizík. Manažérsky morálny hazard. Nekontrolovaný rast podniku. Príliš silný tlak na výkony. Expanzia nad hranice možností. Zameranie sa na nesprávne ukazovatele. Neprimera...

Descripción completa

Guardado en:
Detalles Bibliográficos
Autor principal: Burdová, Dagmar
Formato: Capítulo de libro
Lenguaje:checo
Materias:
Etiquetas: Agregar Etiqueta
Sin Etiquetas, Sea el primero en etiquetar este registro!

MARC

LEADER 00000naa a2200000 4500
001 0152811
005 20231211073302.7
041 0 |a cze 
044 |a CZ 
245 1 0 |a Nepodceňujte rizika interních faktorů  |c Dagmar Burdová 
520 |a Turbulentné prostredie a zánik mnohých podnikov vplyvom konkurencie alebo z titulu fúzie či akvizície. Podniková kríza. Riadenie rizík. Manažérsky morálny hazard. Nekontrolovaný rast podniku. Príliš silný tlak na výkony. Expanzia nad hranice možností. Zameranie sa na nesprávne ukazovatele. Neprimeraný cost cutting. Nesprávne prístupy krízového riadenia. 
610 2 0 |a kríza podniku 
610 2 0 |a riziko 
610 2 0 |a riadenie rizík 
610 2 0 |a výkony podnikové 
610 2 0 |a náklady 
610 2 0 |a optimalizácia 
100 1 |a Burdová, Dagmar